Voitures : une marque, son pays. - Statistiques

Statistiques générales
  • Ce quiz a été pris 4 520 fois
  • Le résultat moyen est 25 sur 31
Statistiques - réponses
Marques Pays % Correct
BMW Allemagne
99%
Renault France
97%
Ferrari Italie
95%
Toyota Japon
94%
Audi Allemagne
91%
Mercedes Allemagne
91%
Citroën France
91%
Fiat Italie
91%
Aston Martin Royaume-Uni
91%
Volkswagen Allemagne
89%
Peugeot France
89%
Tesla USA
89%
Lamborghini Italie
88%
Porsche Allemagne
87%
Nissan Japon
86%
Bugatti France
85%
Suzuki Japon
85%
Ford USA
85%
Honda Japon
84%
Bentley Royaume-Uni
83%
Rolls Royce Royaume-Uni
83%
Jaguar Royaume-Uni
78%
Opel Allemagne
77%
Volvo Suède
76%
Hyundai Corée du Sud
74%
Seat Espagne
70%
Koenigsegg Suède
69%
BYD Chine
68%
Kia Corée du Sud
64%
Skoda République Tchèque
56%
Tata Inde
45%
Aucun quiz correspondant
Distribution des résultats
% des personnes avec chaque résultat
Percentile par nombre de réponses
Votre historique - résultats
Vous n’avez pas pris ce quiz